| 000 | 01108nam a2200301Ia 4500 | ||
|---|---|---|---|
| 003 | GCL | ||
| 005 | 20240530110911.0 | ||
| 008 | 140319s2007 ua g b 000 0 ara d | ||
| 017 |
_a2007 _bمصر. دار الكتب |
||
| 020 | _a977313 | ||
| 040 |
_aGCL / _cGCL |
||
| 082 | 0 | 4 |
_a327.117/ _bع ت |
| 100 | 0 | _aعبدالرحيم على | |
| 245 | 1 | 0 |
_aتنظيم القاعدة : _bعشرون عاما والغزو مستمر/ _cعبدالرحيم على |
| 250 | _aالاولى | ||
| 260 |
_aالقاهرة : _bالمركز العربى لدراسة الحركات الاسلامية، _c2007. |
||
| 300 |
_a496 ص ؛ _c24 سم. |
||
| 504 | _aيشتمل على ارجاعات ببليوجرافية | ||
| 650 | 0 | 4 | _aاحداث 11 سبتمبر |
| 650 | 0 | 7 |
_2qrmak _aالجرائم الدولية |
| 650 | 0 | 7 |
_2qrmak _aالجرائم السياسية |
| 650 | 0 | 7 |
_2qrmak _aالارهاب |
| 653 | 0 | _aتنظيم القاعدة | |
| 653 | 0 | _aالجماعات الارهابية | |
| 653 | 0 | _aالارهاب - مكافحة | |
| 942 |
_2ddc _cBK |
||
| 999 |
_c66319 _d66319 |
||